000 01369nam a2200349 a 4500
001 ebr10671202
003 CaPaEBR
006 m u
007 cr cn|||||||||
008 090330s2009 nyub sb 001 0 eng d
010 _z 2009013532
020 _z9781607416371 (hardcover)
020 _z1607416379 (hardcover)
020 _z9781613240465 (e-book)
040 _aCaPaEBR
_cCaPaEBR
035 _a(OCoLC)703155100
043 _af------
050 1 4 _aKZ3684.5.A35
_bG86 2009eb
082 0 4 _a341.4/2
_222
100 1 _aGuo, Rongxing.
245 1 4 _aThe land and maritime boundary disputes of Africa
_h[electronic resource] /
_cRongxing Guo.
260 _aNew York :
_bNova Science Publishers,
_cc2009.
300 _ax, 121 p. :
_bmaps.
490 1 _aAfrican political, economic, and security issues series
504 _aIncludes bibliographical references and index.
533 _aElectronic reproduction.
_bPalo Alto, Calif. :
_cebrary,
_d2013.
_nAvailable via World Wide Web.
_nAccess may be limited to ebrary affiliated libraries.
651 0 _aAfrica
_xBoundaries.
655 7 _aElectronic books.
_2local
710 2 _aebrary, Inc.
830 0 _aAfrican political, economic, and security issues series.
856 4 0 _uhttp://site.ebrary.com/lib/rucke/Doc?id=10671202
_zAn electronic book accessible through the World Wide Web; click to view
999 _c162334
_d162334